Bad news from Israel / (Record no. 5061)
[ view plain ]
| 000 -LEADER | |
|---|---|
| fixed length control field | 01067nac a22003011i 4500 |
| 003 - CONTROL NUMBER IDENTIFIER | |
| control field | EG-ScBUE |
| 005 - DATE AND TIME OF LATEST TRANSACTION | |
| control field | 20240527105331.0 |
| 008 - FIXED-LENGTH DATA ELEMENTS--GENERAL INFORMATION | |
| fixed length control field | 240527s2004 enkb f b 001 0 eng d |
| 020 ## - INTERNATIONAL STANDARD BOOK NUMBER | |
| International Standard Book Number | 9780745320618 |
| 020 ## - INTERNATIONAL STANDARD BOOK NUMBER | |
| International Standard Book Number | 0745320619 (pbk.) |
| 035 ## - SYSTEM CONTROL NUMBER | |
| System control number | (OCoLC)ocm55964081 |
| 040 ## - CATALOGING SOURCE | |
| Original cataloging agency | EG-ScBUE |
| Language of cataloging | eng |
| Description conventions | rda |
| Transcribing agency | EG-ScBUE |
| Modifying agency | EG-ScBUE |
| 082 04 - DEWEY DECIMAL CLASSIFICATION NUMBER | |
| Classification number | 956.94054 |
| Item number | PHI |
| Edition number | 22 |
| 100 1# - MAIN ENTRY--PERSONAL NAME | |
| Personal name | Philo, Greg, |
| Relator term | author. |
| 245 10 - TITLE STATEMENT | |
| Title | Bad news from Israel / |
| Statement of responsibility, etc | Greg Philo and Mike Berry. |
| 264 #1 - PUBLICATION, DISTRIBUTION, ETC. (IMPRINT) | |
| Place of publication, distribution, etc | London ; |
| -- | Sterling, Va. : |
| Name of publisher, distributor, etc | Pluto Press, |
| Date of publication, distribution, etc | 2004. |
| 300 ## - PHYSICAL DESCRIPTION | |
| Extent | ix, 315 pages : |
| Other physical details | maps ; |
| Dimensions | 22 cm |
| 336 ## - CONTENT TYPE | |
| Source | rdacontent |
| Content type term | text |
| Content type code | txt |
| 337 ## - MEDIA TYPE | |
| Media type term | unmediated |
| Source | rdamedia |
| Media type code | n |
| 338 ## - CARRIER TYPE | |
| Carrier type term | volume |
| Carrier type code | nc |
| Source | rdacarrier |
| 504 ## - BIBLIOGRAPHY, ETC. NOTE | |
| Bibliography, etc | Includes bibliographical references and index. |
| 650 #7 - SUBJECT ADDED ENTRY--TOPICAL TERM | |
| Topical term or geographic name as entry element | Arab-Israeli conflict |
| General subdivision | Press coverage |
| Geographic subdivision | United States. |
| Source of heading or term | BUEsh |
| 650 #7 - SUBJECT ADDED ENTRY--TOPICAL TERM | |
| Topical term or geographic name as entry element | Arab-Israeli conflict |
| General subdivision | Press coverage |
| Geographic subdivision | Europe, Western. |
| Source of heading or term | BUEsh |
| 651 #7 - SUBJECT ADDED ENTRY--GEOGRAPHIC NAME | |
| Geographic name | Israel |
| General subdivision | Politics and government. |
| Source of heading or term | BUEsh |
| 655 ## - INDEX TERM--GENRE/FORM | |
| Form subdivision | Reading book |
| 700 1# - ADDED ENTRY--PERSONAL NAME | |
| Personal name | Berry, Mike, |
| Dates associated with a name | 1967- |
| Relator term | author. |
| 942 ## - ADDED ENTRY ELEMENTS (KOHA) | |
| Koha item type | Book - Borrowing |
| Source of classification or shelving scheme | Dewey Decimal Classification |
| Withdrawn status | Lost status | Source of classification or shelving scheme | Damaged status | Not for loan | Collection code | Home library | Current library | Shelving location | Date acquired | Source of acquisition | Total Checkouts | Full call number | Barcode | Date last seen | Date checked out | Price effective from | Koha item type |
|---|---|---|---|---|---|---|---|---|---|---|---|---|---|---|---|---|---|
| Dewey Decimal Classification | Alahram | Central Library | Central Library | Second Floor | 07/10/2011 | Purchase | 4 | 956.94054 PHI | 000006343 | 15/07/2025 | 19/05/2011 | 11/10/2007 | Book - Borrowing |